000 00712nas a2200265 4500
001 BR9203062
003 BR-BrBNA
005 20231205092607.0
007 ta
008 230509b bl.|||p| |||| 00| 00por d
040 _aBR-BrBNA
_bpor
_cBiblioteca Nacional de Agricultura
041 _a(Pt)
072 _aP01
100 1 _aFaertes, V.
245 1 _aTem cara nova na pecuaria
650 _aPORCO SELVAGEM
650 _aQUEIXADA
650 _aANIMAL SELVAGEM
650 _aCRIACAO
650 _aMANEJO
650 _aNUTRICAO ANIMAL
773 0 _tManchete Rural (Brazil)
_xISSN 0102-8901
_g(Sep 1980), v. 3(30) p. 49-50
_wBR9203062
909 _a202311
_bLúcia
_c55
_dLúcia Elande
942 _2AGRIS
_n0
_cANA
999 _c132742
_d132742